250 QUESTIONS YOU SHOULD ASK TO GET OUT (Record no. 14396)

MARC details
000 -LEADER
fixed length control field 00345nam a2200133Ia 4500
008 - FIXED-LENGTH DATA ELEMENTS--GENERAL INFORMATION
fixed length control field 240624s9999 xx 000 0 und d
041 ## - LANGUAGE CODE
Language code of text/sound track or separate title eng
082 ## - DEWEY DECIMAL CLASSIFICATION NUMBER
Classification number 658.15 RYE
100 ## - MAIN ENTRY--PERSONAL NAME
Personal name RYE DAVID
245 ## - TITLE STATEMENT
Title 250 QUESTIONS YOU SHOULD ASK TO GET OUT
260 ## - PUBLICATION, DISTRIBUTION, ETC.
Date of publication, distribution, etc. 2010
Place of publication, distribution, etc. Avon
Name of publisher, distributor, etc. Adams Business
300 ## - PHYSICAL DESCRIPTION
Extent vi, : 184 : p. : cm. ; 21
365 ## - TRADE PRICE
Currency code RS
Price amount 30
Holdings
Withdrawn status Lost status Damaged status Not for loan Home library Current library Shelving location Date acquired Source of acquisition Cost, normal purchase price Total Holds Full call number Barcode Date last seen Copy number Price effective from Koha item type
        IMTN IMTN Rack 24-A 02/17/2010 BWE 195.00 8248 658.15 RYE 14396 06/24/2024 1 06/24/2024 Books
Designed & Maintained by: LRC IMT Nagpur Contact: lrc@imtnag.ac.in© 2024. All Rights Reserved.